Countries that don't Celebrate Easter - Statistics

General Stats
  • This quiz has been taken 26 times
  • The average score is 34 of 67
Answer Stats
Country % Correct
Oman
88%
United Arab Emirates
88%
Yemen
88%
Bahrain
82%
Egypt
82%
Kuwait
82%
Saudi Arabia
82%
Turkey
82%
Iran
76%
Iraq
76%
Israel
76%
Libya
76%
Morocco
76%
Qatar
76%
Tunisia
76%
Algeria
71%
Azerbaijan
71%
Afghanistan
65%
China
65%
Eritrea
65%
India
65%
Japan
65%
Sudan
65%
Brunei
59%
Djibouti
59%
Ethiopia
59%
Kazakhstan
59%
Laos
59%
Mongolia
59%
Thailand
59%
Bhutan
53%
Cambodia
53%
Democratic Republic of the Congo
53%
Kyrgyzstan
53%
Maldives
53%
Mauritania
53%
North Korea
53%
Republic of the Congo
53%
Russia
53%
Turkmenistan
53%
Uzbekistan
53%
Comoros
47%
Myanmar
47%
Nepal
47%
Somalia
47%
South Korea
47%
Tajikistan
47%
Angola
35%
Belarus
35%
Burundi
35%
Cuba
35%
East Timor
35%
Liberia
29%
Mauritius
29%
Mozambique
29%
Palau
29%
Cape Verde
18%
Dominican Republic
18%
Equatorial Guinea
18%
Sao Tome and Principe
18%
Bolivia
12%
Costa Rica
12%
Czech Republic
12%
Marshall Islands
12%
Federated States of Micronesia
6%
Paraguay
6%
Saint Vincent and the Grenadines
6%
No matching quizzes found
Score Distribution
Percent of People with Each Score
Percentile by Number Answered
Your Score History
You have not taken this quiz